000 00987nas a2200277 4500
001 BR9200837
003 BR-BrBNA
005 20231205092319.0
007 ta
008 230509b bl.|||p| |||| 00| 00por d
040 _aBR-BrBNA
_bpor
_cBiblioteca Nacional de Agricultura
041 _a(Pt)
072 _aH10
100 1 _aBortoli, S.A. de
100 1 _aLara, F.M.
100 1 _aSusuki, J.
100 1 _aTrigo, J.G.
245 1 _aInfluencia de extratos liofilizados de colmos de sorgo no desenvolvimento de Diatraea saccharalis (Fabricius, 1794)(Lepidoptera, Pyralidae)
246 1 _aInfluence of sorghum liophilized stalk extracts on the development of Diatraea saccharalis (Fabricius, 1794)(Lepidoptera, Pyralidae)
650 _aSORGO
650 _aBROCA
650 _aBIOLOGIA
773 0 _tAnais da Sociedade Entomologica do Brasil (Brazil)
_xISSN 0301-8059
_g(1990), v. 19(1) p. 35-42
_wBR9200837
909 _a202311
_bLúcia
_c55
_dLúcia Elande
942 _2AGRIS
_n0
_cANA
999 _c130865
_d130865